ARRUPE JESUIT UNIVERSITY

CORONAVIRUS -STOP THE SPREAD - CLEAN,DISINFECT,COVER

Faith and politics in Nigeria : (Record no. 118329)

MARC details
000 -LEADER
fixed length control field 01691pam a22004214a 4500
001 - CONTROL NUMBER
control field 6763230
003 - CONTROL NUMBER IDENTIFIER
control field ARRUPE
005 - DATE AND TIME OF LATEST TRANSACTION
control field 20131011121743.0
008 - FIXED-LENGTH DATA ELEMENTS--GENERAL INFORMATION
fixed length control field 071026s2008 dcub b 001 0 eng
010 ## - LIBRARY OF CONGRESS CONTROL NUMBER
LC control number 2007044241
020 ## - INTERNATIONAL STANDARD BOOK NUMBER
International Standard Book Number 9781601270290 (pbk. : alk. paper)
020 ## - INTERNATIONAL STANDARD BOOK NUMBER
International Standard Book Number 1601270291 (pbk. : alk. paper)
024 ## - OTHER STANDARD IDENTIFIER
Standard number or code 40015511356
035 ## - SYSTEM CONTROL NUMBER
System control number (OCoLC)ocn182056596
035 ## - SYSTEM CONTROL NUMBER
System control number (NNC)6763230
035 ## - SYSTEM CONTROL NUMBER
System control number (OCoLC)182056596
040 ## - CATALOGING SOURCE
Original cataloging agency DLC
Transcribing agency DLC
Modifying agency YDX
-- BAKER
-- YDXCP
043 ## - GEOGRAPHIC AREA CODE
Geographic area code f-nr---
050 00 - LIBRARY OF CONGRESS CALL NUMBER
Classification number DT515.59
Item number .P35 2008
300 ## - PHYSICAL DESCRIPTION
Other physical details maps ;
Dimensions 23 cm.
100 1# - MAIN ENTRY--PERSONAL NAME
Personal name Paden, John N.
9 (RLIN) 2454
245 10 - TITLE STATEMENT
Title Faith and politics in Nigeria :
Remainder of title Nigeria as a pivotal state in the Muslim world /
Statement of responsibility, etc John N. Paden.
260 ## - PUBLICATION, DISTRIBUTION, ETC. (IMPRINT)
Place of publication, distribution, etc Washington, D.C. :
Name of publisher, distributor, etc United States Institute Of Peace Press,
Date of publication, distribution, etc 2008.
300 ## - PHYSICAL DESCRIPTION
Extent xii, 140 p. :
504 ## - BIBLIOGRAPHY, ETC. NOTE
Bibliography, etc Includes bibliographical references and index.
505 0# - FORMATTED CONTENTS NOTE
Formatted contents note Introduction: Nigeria in global perspective -- Sources of Nigerian influence and significance -- Challenges of nation building -- Pathways of change -- U.S. relations with Nigeria -- Conclusions.
650 #0 - SUBJECT ADDED ENTRY--TOPICAL TERM
Topical term or geographic name as entry element Religion and politics
Geographic subdivision Nigeria.
9 (RLIN) 2455
650 #0 - SUBJECT ADDED ENTRY--TOPICAL TERM
Topical term or geographic name as entry element Political culture
Geographic subdivision Nigeria
General subdivision Religious aspects.
9 (RLIN) 2456
650 #0 - SUBJECT ADDED ENTRY--TOPICAL TERM
Topical term or geographic name as entry element Islam and state
Geographic subdivision Nigeria.
9 (RLIN) 2457
650 #0 - SUBJECT ADDED ENTRY--TOPICAL TERM
Topical term or geographic name as entry element Islam
General subdivision Relations
-- Christianity
Geographic subdivision Nigeria.
9 (RLIN) 2458
651 #0 - SUBJECT ADDED ENTRY--GEOGRAPHIC NAME
Geographic name Nigeria
General subdivision Politics and government.
9 (RLIN) 2459
651 #0 - SUBJECT ADDED ENTRY--GEOGRAPHIC NAME
Geographic name Nigeria
General subdivision Foreign relations.
9 (RLIN) 2460
651 #0 - SUBJECT ADDED ENTRY--GEOGRAPHIC NAME
Geographic name Islamic countries
General subdivision Relations
Geographic subdivision Nigeria.
9 (RLIN) 2461
651 #0 - SUBJECT ADDED ENTRY--GEOGRAPHIC NAME
Geographic name Nigeria
General subdivision Relations
Geographic subdivision Islamic countries.
9 (RLIN) 2462
651 #0 - SUBJECT ADDED ENTRY--GEOGRAPHIC NAME
Geographic name Nigeria
General subdivision Ethnic relations.
9 (RLIN) 2463
942 ## - ADDED ENTRY ELEMENTS (KOHA)
Source of classification or shelving scheme Library of Congress Classification
Koha item type Monograph ( Printed materials)
948 1# - LOCAL PROCESSING INFORMATION (OCLC); SERIES PART DESIGNATOR (RLIN)
Series part designator, SPT (RLIN) 20080724
b (OCLC) c
c (OCLC) sl13
d (OCLC) MPS
Holdings
Withdrawn status Lost status Source of classification or shelving scheme Damaged status Not for loan Collection code Home library Current library Shelving location Date acquired Total Checkouts Full call number Barcode Date last seen Date checked out Price effective from Koha item type
    Library of Congress Classification     Main Collection ARRUPE LIBRARY ARRUPE LIBRARY Main Collection 11/10/2013 1 DT515.59 .P35 2008 46410772 07/12/2017 28/04/2016 11/10/2013 Monograph ( Printed materials)

 

Arrupe Library. PO Box MP320 Mt Pleasant, Harare, Zimbabwe
263 242 745411|librarian@aju.ac.zw